Statistics for The Big Bang Theory Theme Song

Click here to take the quiz!

General Stats

  • This quiz has been taken 249 times
    (227 since last reset)
  • The average score is 11 of 19

Answer Stats

HintAnswer% Correct
Then nearly fourteen billion years ago expansion _____. Wait...Started
95%
It all started with the big ____Bang
93%
That all started with the big ____Bang
93%
It all started with the big ____Bang
93%
It all started with the big ___Bang
93%
The _____ began to coolEarth
88%
___ built a wall (we built the pyramids)We
87%
Our whole universe was in a hot dense _____State
85%
Neanderthals developed ____Tools
77%
The autotrophs began to ____Drool
76%
Math, science, history, unraveling the ________Mysteries
42%
It will pause and start to __ the other wayGo
38%
It's expanding ever outward but one ___Day
31%
Our ____ and brightest figure that it'll make an even bigger bang!Best
19%
Australopithecus would really have been _____ of usSick
19%
Debating how we're here, they're catching deer (we're catching _____)Viruses
18%
Music and mythology, Einstein and ______Astrology
17%
Collapsing ever inward, we won't be here, it won't be _____Heard
14%
_______ or astronomy (Descartes or Deuteronomy)Religion
11%

Score Distribution

Percentile by Number Answered

Percent of People with Each Score

Your Score History

You have not taken this quiz since the last reset